| 000 | 00609nam a22002292 4500 | ||
|---|---|---|---|
| 999 |
_c1578 _d1578 |
||
| 001 | 0000020990 | ||
| 003 | OSt | ||
| 005 | 20170526101650.0 | ||
| 008 | 120106s xx 000 0 eng d | ||
| 020 | _a8177223828 : | ||
| 040 |
_aKABU _cKABU |
||
| 100 | 1 | _aEvans, Joel R. | |
| 245 | 1 | 0 |
_aMarketing in the 21st century / _cJoel R. Evans, Borry Berman. |
| 250 | _a8th ed. | ||
| 260 |
_aNew Delhi : _bBiztantra, _c2003. |
||
| 300 | _axxxi, 687 p. | ||
| 650 | 0 | _aMarketing. | |
| 700 | 1 | _aBerman, Borry. | |
| 908 | _a120106 | ||
| 942 |
_2lcc _cBK |
||